LEADER 00758nas a2200217 i 4500 001 000000246441 003 CaOOAMICUS 005 20151112000000.0 008 151112b it uu u0 0ita r 013 $a225346 040 $aSeMil$bita 245 10$a[1969]. 260 $aMilano :$bScuole grafiche Pavoniane Artigianelli,$c[1969] 300 $a1 v. ;$c26 cm. 500 $aMancano i fasc. 2,3,4. 773 0 $tNuove chiese.$d[S.l. : s.n.]$w()32796 774 0 $t[SENZA TITOLO].$w()288262 850 $aSeMil 852 $aSeMil$W1$xVenegono$y1$m88 6 305/1$j196787$B196787$CSeMilBibl$Z2$F207790 $85 996 $6245$a[1969]$9(OLS)http://semarc/title/281054 996 $6260$aMilano :$bScuole grafiche Pavoniane Artigianelli$9(OLS)http://semarc/publisher/37557 LEADER 01366nam a2200289 4500 001 000000360900 003 CaOOAMICUS 005 20241127150305.0 008 241127s2021 it a 000 u ita r 020 $a978-88-15-29174-5 040 $aSeMil$bita 100 1 $aCase, Anne,$d<1958- >.$0(OLS)http://semarc/name/121031 240 10$aDeaths of despair and the future of capitalism.$0(OLS)http://semarc/title/451490 245 10$aMorti per disperazione e il futuro del capitalismo /$cAnne Case, Angus Deaton. 264 1$aBologna :$bIl Mulino,$c2021. 300 $a357 p. :$bill. ;$c22 cm 490 1 $aCollezione di testi e di studi. Economia 650 4$aStati Uniti d'America - Disagio sociale.$0(OLS)http://semarc/subject/56720 650 4$aStati Uniti d'America - Economia.$0(OLS)http://semarc/subject/6760 700 1 $aDeaton, Angus,$d<1945- >.$0(OLS)http://semarc/name/121030 830 0$aCollezione di testi e di studi. Economia.$0(OLS)http://semarc/title/20162 850 $aSeMil 852 $aSeMil$W1$xVenegono$y1$m3M III 338$j252662$B251891$CSeMilBibl$Z2$F251891 $81 996 $6020$a978-88-15-29174-5$9(OLS)http://semarc/number/301900 996 $6245$aMorti per disperazione e il futuro del capitalismo$9(OLS)http://semarc/title/451491 996 $6264$aBologna :$bIl Mulino$9(OLS)http://semarc/publisher/29842